[Event "DEM U10w 2016"]
[Site "Willingen GER"]
[Date "2016.05.19"]
[Round "8"]
[White "Butenandt, Svenja"]
[Black "Zhou, Lepu Coco"]
[Result "1-0"]
[Termination "normal"]
[Board "1"]
[WhiteElo "1451"]
[BlackElo "1645"]
[WhiteClock "00:22:28"]
[BlackClock "00:38:57"]
[PlyCount "135"]
[WhiteFideId "12993859"]
[BlackFideId "16217136"]
[EventCountry "GER"]
[EventRounds "11"]
[EventType "swiss"]
[EventDate "2016.05.14"]

1. e4 e5 2. Nf3 Nc6 3. Nc3 Nf6 4. d4 exd4 5. Nxd4 Bb4 6. Nxc6 bxc6 7. Bd3 d5 8.
exd5 cxd5 9. O-O O-O 10. Bg5 c6 11. h3 Be7 12. Qf3 Be6 13. Bf4 Re8 14. Rfe1 h6
15. a3 a5 16. Rad1 Qd7 17. a4 Rad8 18. b3 Bb4 19. Bd2 d4 20. Ne4 Nxe4 21. Bxe4
Bd5 22. Bxb4 Bxe4 23. Rxe4 Rxe4 24. Qxe4 axb4 25. Ra1 Re8 26. Qf3 Re6 27. a5 c5
28. a6 Qa7 29. Qb7 Re7 30. Qxa7 Rxa7 31. Kf1 Kf8 32. Ke2 Ke7 33. Kd3 Kd6 34.
Kc4 Kc6 35. Ra5 Kb6 36. Rxc5 Kxa6 37. Kxb4 Re7 38. Kc4 Re2 39. Kxd4 Rxf2 40. g4
Rh2 41. Rc3 Rd2+ 42. Kc4 Rd7 43. b4 Rc7+ 44. Kb3 Rxc3+ 45. Kxc3 g6 46. Kd4 Kb5
47. c3 f5 48. gxf5 gxf5 49. Ke5 Kc6 50. Kxf5 Kb5 51. Kg6 Kc4 52. Kxh6 Kd5 53.
Kg7 Ke6 54. h4 Kd5 55. h5 Kc4 56. h6 Kxc3 57. h7 Kxb4 58. h8=Q Kb3 59. Qc8 Kb4
60. Qc6 Kb3 61. Qc5 Kb2 62. Qc4 Kb1 63. Qe2 Kc1 64. Kf6 Kb1 65. Ke5 Ka1 66. Kd4
Kb1 67. Kc3 Kc1 68. Qe1# 1-0

[Event "DEM U10w 2016"]
[Site "Willingen GER"]
[Date "2016.05.19"]
[Round "8"]
[White "Becker, Linda"]
[Black "Nguyen, Phuong Thao Vivien"]
[Result "0-1"]
[Termination "normal"]
[Board "2"]
[WhiteElo "1093"]
[BlackElo "1578"]
[WhiteClock "01:05:44"]
[BlackClock "01:05:30"]
[PlyCount "76"]
[WhiteFideId "16244753"]
[BlackFideId "16210735"]
[EventCountry "GER"]
[EventRounds "11"]
[EventType "swiss"]
[EventDate "2016.05.14"]

1. e4 c5 2. Nc3 Nc6 3. f4 g6 4. Nf3 Bg7 5. Bb5 Nd4 6. Bc4 e6 7. O-O Ne7 8. d3
O-O 9. Be3 d6 10. Rc1 a6 11. a4 Rb8 12. b3 Nxf3+ 13. Qxf3 Bxc3 14. Qg3 b5 15.
axb5 axb5 16. Bxb5 Rxb5 17. Rf3 Nc6 18. Qh3 Nd4 19. Bxd4 Bxd4+ 20. Kh1 Bg7 21.
Rg3 Ra5 22. c3 Ra3 23. Rb1 Bxc3 24. Qg4 Ra1 25. Rxa1 Bxa1 26. f5 Qa5 27. Qe2
Be5 28. Rf3 exf5 29. exf5 Bxf5 30. h3 h5 31. Rf1 Qa8 32. Kg1 Re8 33. Qd2 Bd4+
34. Kh2 Qa6 35. Rd1 Re3 36. b4 Rxd3 37. Qe2 Rxh3+ 38. gxh3 Qxe2+ 0-1

[Event "DEM U10w 2016"]
[Site "Willingen GER"]
[Date "2016.05.19"]
[Round "8"]
[White "Schneider, Anna"]
[Black "Breß, Amy Charlize"]
[Result "1-0"]
[Termination "normal"]
[Board "3"]
[WhiteElo "1365"]
[BlackElo "1059"]
[WhiteClock "00:47:19"]
[BlackClock "00:29:23"]
[PlyCount "47"]
[WhiteFideId "16200527"]
[BlackFideId "16233786"]
[EventCountry "GER"]
[EventRounds "11"]
[EventType "swiss"]
[EventDate "2016.05.14"]

1. e4 c5 2. Nf3 e6 3. d4 cxd4 4. Nxd4 a6 5. Nc3 Qc7 6. a3 b5 7. Qd3 Nf6 8. Be2
Nc6 9. Be3 d5 10. O-O Bd6 11. Nxc6 Qxc6 12. exd5 Nxd5 13. Bf3 Bb7 14. Nxd5 exd5
15. Rfe1 O-O 16. Rad1 Rad8 17. Kh1 Be7 18. Bd4 Bc5 19. Bxc5 Qxc5 20. Kg1 Rd7
21. Qf5 Rfd8 22. b4 Qc7 23. Qh3 Qxc2 24. Qxd7 1-0

[Event "DEM U10w 2016"]
[Site "Willingen GER"]
[Date "2016.05.19"]
[Round "8"]
[White "Werner, Rosalie"]
[Black "Bashylina, Luisa"]
[Result "0-1"]
[Termination "normal"]
[Board "4"]
[WhiteElo "1075"]
[BlackElo "1664"]
[WhiteClock "00:37:00"]
[BlackClock "00:42:38"]
[PlyCount "126"]
[WhiteFideId "16223748"]
[BlackFideId "12983292"]
[EventCountry "GER"]
[EventRounds "11"]
[EventType "swiss"]
[EventDate "2016.05.14"]

1. e4 c5 2. Nf3 e6 3. c3 d5 4. exd5 exd5 5. d4 Nf6 6. b4 cxb4 7. c4 Qc7 8. c5
Nc6 9. Be2 Be7 10. O-O O-O 11. a3 bxa3 12. Bxa3 Ne4 13. Nbd2 Nc3 14. Qe1 Nxe2+
15. Qxe2 Bf6 16. Qd3 Bg4 17. Rfe1 Bh5 18. Qc3 Rfe8 19. Rac1 h6 20. Bb2 Rac8 21.
Ne5 Nxe5 22. dxe5 d4 23. Qxd4 Rcd8 24. Qc3 Bxe5 25. Rxe5 Qxe5 26. Qxe5 Rxe5 27.
Bxe5 Rxd2 28. h3 Ra2 29. g4 Bg6 30. h4 Ra4 31. f3 Ra3 32. h5 Bh7 33. Rd1 Bc2
34. Rf1 a5 35. Kg2 Ra2 36. Kg3 a4 37. Ra1 Rxa1 38. Bxa1 f6 39. Kf2 Kf7 40. Ke3
Ke7 41. Kd4 Bd1 42. Ke4 Ke6 43. Ke3 Kd5 44. Kf4 Bc2 45. Kg3 Kxc5 46. f4 b5 47.
f5 b4 48. Kf3 b3 49. Ke3 Kb4 50. Kd2 Kc4 51. Kc1 a3 52. Bxf6 gxf6 53. g5 a2 54.
g6 a1=Q+ 55. Kd2 Qd1+ 56. Ke3 Qxh5 57. g7 Qg5+ 58. Kf3 Qxg7 59. Kf4 Qg5+ 60.
Kf3 Qxf5+ 61. Ke3 b2 62. Ke2 b1=Q 63. Ke3 Qe1# 0-1

[Event "DEM U10w 2016"]
[Site "Willingen GER"]
[Date "2016.05.19"]
[Round "8"]
[White "Engelhardt, Wilhelmine"]
[Black "Peglau, Charis"]
[Result "0-1"]
[Termination "normal"]
[Board "5"]
[WhiteElo "1156"]
[BlackElo "1097"]
[WhiteClock "01:02:41"]
[BlackClock "01:12:55"]
[PlyCount "98"]
[WhiteFideId "16245652"]
[BlackFideId "16219996"]
[EventCountry "GER"]
[EventRounds "11"]
[EventType "swiss"]
[EventDate "2016.05.14"]

1. e4 e5 2. Nf3 Nc6 3. d4 exd4 4. Nxd4 Bc5 5. Be3 d6 6. Nxc6 bxc6 7. Bxc5 dxc5
8. Qxd8+ Kxd8 9. Nd2 Nf6 10. O-O-O Ke7 11. f3 Be6 12. Bc4 Rhd8 13. Bxe6 Kxe6
14. Rhe1 Rab8 15. e5 Nd7 16. f4 Nb6 17. b3 Nd5 18. Rf1 Ne3 19. f5+ Ke7 20. f6+
Ke6 21. Nc4 Nxd1 22. Rxd1 Rxd1+ 23. Kxd1 gxf6 24. exf6 Kxf6 25. Na5 Rb6 26. Kd2
Ra6 27. Nb7 Rxa2 28. Nxc5 Ra5 29. Nd7+ Kf5 30. h3 Rd5+ 31. Ke3 Rxd7 32. g4+ Kg5
33. Kf3 Rd2 34. h4+ Kxh4 35. c4 Rd3+ 36. Kf4 Rxb3 37. g5 a5 38. Kf5 a4 39. Kf6
Rf3+ 40. Kg7 Kxg5 41. c5 h5 42. Kh7 Kf6 43. Kh6 Rg3 44. Kxh5 Rg8 45. Kh4 Kf5
46. Kh3 Kf4 47. Kh2 Kf3 48. Kh1 Kf2 49. Kh2 Rh8# 0-1

[Event "DEM U10w 2016"]
[Site "Willingen GER"]
[Date "2016.05.19"]
[Round "8"]
[White "Derling, Charlotte"]
[Black "Lorenz, Anouk"]
[Result "1-0"]
[Termination "normal"]
[Board "6"]
[WhiteElo "974"]
[BlackElo "1187"]
[WhiteClock "00:59:33"]
[BlackClock "00:52:27"]
[PlyCount "77"]
[WhiteFideId "16222237"]
[BlackFideId "12990256"]
[EventCountry "GER"]
[EventRounds "11"]
[EventType "swiss"]
[EventDate "2016.05.14"]

1. e4 c5 2. Nf3 Nc6 3. d4 cxd4 4. Nxd4 g6 5. Nc3 Bg7 6. Be3 Nf6 7. Nf3 d6 8.
Bb5 O-O 9. Qd2 a6 10. Bd3 Be6 11. Bh6 Qd7 12. O-O-O b5 13. Bxg7 Kxg7 14. Be2 b4
15. Nd5 Rfb8 16. Nxf6 exf6 17. b3 a5 18. a4 Rc8 19. Kb1 Rd8 20. h4 d5 21. exd5
Bxd5 22. h5 Ra7 23. hxg6 fxg6 24. Qh6+ Kf7 25. Qxh7+ Ke6 26. Qxg6 Qe8 27. Qg4+
Kd6 28. Bc4 Kc7 29. Bxd5 Qf8 30. Qc4 Rd6 31. Nd4 Qe8 32. Nb5+ Kb8 33. Nxd6 Qd8
34. Bxc6 Rc7 35. Nb5 Qe7 36. Nxc7 Qxc7 37. Rh8+ Ka7 38. Qc5+ Qb6 39. Ra8# 1-0

[Event "DEM U10w 2016"]
[Site "Willingen GER"]
[Date "2016.05.19"]
[Round "8"]
[White "Baltic, Sara"]
[Black "Zöllner, Bente"]
[Result "1-0"]
[Termination "normal"]
[Board "7"]
[WhiteElo "1149"]
[BlackElo "922"]
[PlyCount "149"]
[WhiteFideId "16210409"]
[BlackFideId "16230523"]
[EventCountry "GER"]
[EventRounds "11"]
[EventType "swiss"]
[EventDate "2016.05.14"]

1. e4 c5 2. Nc3 d6 3. f4 Nc6 4. Bb5 Bd7 5. Bxc6 Bxc6 6. Nf3 Qc7 7. d3 Nf6 8.
O-O Qd7 9. Be3 g6 10. Qe1 Ng4 11. Bd2 Bg7 12. Rd1 O-O 13. Qh4 Bf6 14. Qh3 Qe6
15. f5 gxf5 16. exf5 Qxf5 17. Ng5 Bd4+ 18. Kh1 Nf2+ 19. Rxf2 Qxh3 20. Nxh3 Bxf2
21. Nxf2 Kh8 22. Ne2 Rg8 23. Ng3 e5 24. Nfe4 Raf8 25. Nxd6 Rg6 26. Ndf5 Bd7 27.
Re1 Re6 28. Bh6 Rg8 29. Nh5 Rgg6 30. Bg7+ Kg8 31. d4 cxd4 32. h4 Bc6 33. Re2
Bb5 34. Rd2 Bc6 35. c3 Be4 36. Ne3 Rxg7 37. Nxg7 dxe3 38. Re2 Kxg7 39. Rxe3 Bd5
40. Rd3 Bxa2 41. Rd7 Rb6 42. b4 e4 43. Re7 Bb1 44. g4 Re6 45. Rxe6 fxe6 46. Kg2
Kf6 47. Kf2 h6 48. c4 Bd3 49. c5 Ke5 50. Ke3 Bf1 51. Kf2 Kf4 52. g5 hxg5 53.
hxg5 Bc4 54. g6 e5 55. g7 e3+ 56. Ke1 Kf3 57. b5 a5 58. c6 bxc6 59. bxc6 a4 60.
c7 a3 61. c8=Q a2 62. Qa8+ Kf4 63. Qa4 Kf3 64. Qa3 Bf7 65. Kd1 Kf2 66. Qb2+ Kf3
67. Qxe5 Bb3+ 68. Ke1 Bg8 69. Qf5+ Kg3 70. Qf6 Bf7 71. Ke2 Bg8 72. Kxe3 Be6 73.
Qg5+ Kh3 74. Kf2 Bg4 75. g8=Q 1-0

[Event "DEM U10w 2016"]
[Site "Willingen GER"]
[Date "2016.05.19"]
[Round "8"]
[White "Adelmeyer, Nelly"]
[Black "Keymer, Cecilia"]
[Result "1-0"]
[Termination "normal"]
[Board "8"]
[WhiteElo "1086"]
[BlackElo "923"]
[PlyCount "73"]
[WhiteFideId "16203577"]
[BlackFideId "16233468"]
[EventCountry "GER"]
[EventRounds "11"]
[EventType "swiss"]
[EventDate "2016.05.14"]

1. e4 c5 2. c3 e6 3. d4 d6 4. Nf3 d5 5. exd5 exd5 6. Be2 Nf6 7. O-O Nc6 8. Bg5
h6 9. Bh4 b6 10. Bb5 Qd6 11. Qe2+ Be7 12. Bg3 Qd7 13. Ne5 Qe6 14. Bxc6+ Nd7 15.
Bxa8 O-O 16. Re1 Re8 17. Nd2 Bf6 18. Ndf3 Nf8 19. Kf1 Re7 20. Nd3 Ba6 21. Qxe6
Bxd3+ 22. Kg1 Rxe6 23. Rxe6 fxe6 24. dxc5 bxc5 25. Rd1 Be4 26. Bd6 Nd7 27. Bc6
Nb6 28. Bxc5 Nc4 29. b3 Na5 30. Bb5 Bxc3 31. Bxa7 e5 32. Rc1 Bb4 33. Nxe5 Bd6
34. f4 Nb7 35. Ba6 Nd8 36. Rc8 Be7 37. Nc6 1-0

[Event "DEM U10w 2016"]
[Site "Willingen GER"]
[Date "2016.05.19"]
[Round "8"]
[White "Bildat, Emilia"]
[Black "Grey, Anna"]
[Result "1-0"]
[Termination "normal"]
[Board "9"]
[WhiteElo "947"]
[BlackElo "964"]
[PlyCount "127"]
[WhiteFideId "16218140"]
[BlackFideId "16226917"]
[EventCountry "GER"]
[EventRounds "11"]
[EventType "swiss"]
[EventDate "2016.05.14"]

1. d4 d5 2. Nf3 Nf6 3. Bf4 Bf5 4. e3 e6 5. Nbd2 Be7 6. Be2 O-O 7. Ne5 Nbd7 8.
g4 Nxe5 9. dxe5 Nxg4 10. Bxg4 Bxg4 11. Qxg4 Re8 12. Rg1 Bf8 13. Bh6 g6 14. Bxf8
Rxf8 15. h4 Kh8 16. h5 Qe7 17. h6 c5 18. Qg5 Qxg5 19. Rxg5 b5 20. e4 d4 21. c4
b4 22. a3 a5 23. Nb3 Rfc8 24. -- 24... bxa3 {in der Partie wurde a3-a4 gespielt
und Schwarz nahm faelschlicherweise en passent auf a3} 25. Rxa3 a4 26. Nd2 Kg8
27. Kd1 Kf8 28. Kc2 Rcb8 29. Rg1 Rb7 30. Rb1 Rba7 31. Rba1 Ke7 32. b3 axb3+ 33.
Kxb3 Rxa3+ 34. Rxa3 Rxa3+ 35. Kxa3 Kd7 36. Kb2 Kc6 37. Nb3 Kb6 38. Kc2 Kc6 39.
Kd3 Kb6 40. Ke2 Kc6 41. Kf3 Kb6 42. Kg4 Kc6 43. Kg5 d3 44. Kf6 d2 45. Nxd2 Kd7
46. Kxf7 Kc6 47. Kg7 Kb6 48. Kxh7 Ka5 49. Kxg6 Kb4 50. h7 Kc3 51. h8=Q Kxd2 52.
Qh3 Ke2 53. Kg5 Kd2 54. Qe3+ Kc2 55. Kf6 Kb2 56. Kxe6 Kc2 57. Kd5 Kb2 58. Kxc5
Kc2 59. f4 Kb2 60. Kb4 Kc2 61. f5 Kb2 62. Qe2+ Kc1 63. Kb3 Kb1 64. Qb2# 1-0

[Event "DEM U10w 2016"]
[Site "Willingen GER"]
[Date "2016.05.19"]
[Round "8"]
[White "Pohle, Saskia"]
[Black "Gossing, Marie-Sophie"]
[Result "1-0"]
[Termination "normal"]
[Board "10"]
[WhiteElo "1228"]
[BlackElo "808"]
[PlyCount "69"]
[WhiteFideId "16201604"]
[BlackFideId "16217284"]
[EventCountry "GER"]
[EventRounds "11"]
[EventType "swiss"]
[EventDate "2016.05.14"]

1. e4 e5 2. Nf3 Nc6 3. d4 exd4 4. Bc4 Bc5 5. c3 Nf6 6. e5 d5 7. Be2 Ne4 8. cxd4
Bb4+ 9. Bd2 Nxd2 10. Nbxd2 O-O 11. O-O Bg4 12. a3 Ba5 13. b4 Bb6 14. Nb3 Re8
15. Qd2 f6 16. exf6 Qxf6 17. Rad1 Re4 18. h3 Bh5 19. Nc5 Bxc5 20. dxc5 Nd4 21.
Nxd4 Rae8 22. Bxh5 R8e5 23. Bf3 Rf4 24. Qd3 Rg5 25. Qe3 Re5 26. Qd3 Qf8 27.
Rfe1 Rxe1+ 28. Rxe1 Qf6 29. Bxd5+ Kh8 30. Re8+ Qf8 31. Rxf8+ Rxf8 32. Qe3 c6
33. Qe7 Ra8 34. Nf5 cxd5 35. Qxg7# 1-0

[Event "DEM U10w 2016"]
[Site "Willingen GER"]
[Date "2016.05.19"]
[Round "8"]
[White "Müller, Helene"]
[Black "Wimmer, Katharina"]
[Result "1/2-1/2"]
[Termination "normal"]
[Board "11"]
[WhiteElo "1107"]
[BlackElo "934"]
[PlyCount "42"]
[WhiteFideId "16240456"]
[BlackFideId "16265947"]
[EventCountry "GER"]
[EventRounds "11"]
[EventType "swiss"]
[EventDate "2016.05.14"]

1. e4 e5 2. Nf3 Nc6 3. Bc4 Bc5 4. c3 Qe7 5. d4 Bb6 6. O-O Nf6 7. Bg5 d6 8. Bb5
O-O 9. Bxc6 bxc6 10. Nbd2 Bg4 11. Nc4 Bxf3 12. Qxf3 exd4 13. Bxf6 Qxf6 14. Qxf6
gxf6 15. Nxb6 axb6 16. cxd4 d5 17. exd5 cxd5 18. Rfc1 Ra4 19. Rd1 Re8 20. f3
Re2 21. b3 Raxa2 1/2-1/2

[Event "DEM U10w 2016"]
[Site "Willingen GER"]
[Date "2016.05.19"]
[Round "8"]
[White "Müller, Alina"]
[Black "Roncea, Andreea-Alexandra"]
[Result "1-0"]
[Termination "normal"]
[Board "12"]
[WhiteElo "1159"]
[BlackElo "857"]
[PlyCount "69"]
[WhiteFideId "16265939"]
[BlackFideId "16233115"]
[EventCountry "GER"]
[EventRounds "11"]
[EventType "swiss"]
[EventDate "2016.05.14"]

1. Nf3 Nc6 2. d4 d5 3. Bf4 Bf5 4. e3 Nf6 5. Bb5 a6 6. Ba4 e6 7. Ne5 b5 8. Nxc6
Qd7 9. Ne5 Qd8 10. Bb3 a5 11. c3 a4 12. Bc2 Bxc2 13. Qxc2 Bd6 14. Nd2 O-O 15.
O-O c5 16. Bg5 Be7 17. dxc5 Bxc5 18. Ng4 Be7 19. Nxf6+ Bxf6 20. Bxf6 Qxf6 21.
Rfe1 Rfc8 22. e4 dxe4 23. Nxe4 Qg6 24. Qd3 Rab8 25. a3 Rd8 26. Qe3 f5 27. Ng5
Rd6 28. Qf4 Rbb6 29. Rad1 Rxd1 30. Rxd1 Qe8 31. Qh4 h6 32. Nf3 e5 33. Rd8 Qxd8
34. Qxd8+ Kh7 35. Qxb6 1-0

[Event "DEM U10w 2016"]
[Site "Willingen GER"]
[Date "2016.05.19"]
[Round "8"]
[White "Antonava, Sviatlana"]
[Black "von Beckh, Frieda"]
[Result "0-1"]
[Termination "normal"]
[Board "13"]
[WhiteElo "1156"]
[BlackElo "1071"]
[PlyCount "80"]
[WhiteFideId "16216806"]
[BlackFideId "16233751"]
[EventCountry "GER"]
[EventRounds "11"]
[EventType "swiss"]
[EventDate "2016.05.14"]

1. g3 d5 2. Bg2 Nf6 3. b3 Bf5 4. Bb2 Be4 5. Nf3 e6 6. d3 Bf5 7. Nbd2 Bb4 8. O-O
O-O 9. c4 c6 10. Nd4 Bg6 11. Rc1 Qa5 12. Ra1 Bxd2 13. Nf3 Bc3 14. Bxc3 Qxc3 15.
Rc1 Qb2 16. cxd5 exd5 17. Ne5 Qxe5 18. Qc2 Re8 19. Rfe1 Qc7 20. b4 Qb6 21. a3
Nbd7 22. Bh3 Rac8 23. Bxd7 Nxd7 24. e4 h6 25. exd5 Rxe1+ 26. Rxe1 a5 27. bxa5
Qxa5 28. Re7 Nc5 29. Qc4 Bxd3 30. Qg4 Rd8 31. Qf4 Bg6 32. d6 Qxa3 33. Qe5 Qc1+
34. Kg2 Be4+ 35. Kh3 Qg5 36. Re8+ Rxe8 37. Qxe8+ Kh7 38. g4 Bf3 39. Qc8 Ne6 40.
Qxb7 Qxg4# 0-1

[Event "DEM U10w 2016"]
[Site "Willingen GER"]
[Date "2016.05.19"]
[Round "8"]
[White "Wörz, Ann-Sophie"]
[Black "Feige, Adelina"]
[Result "1-0"]
[Termination "normal"]
[Board "14"]
[WhiteElo "1145"]
[BlackElo "795"]
[PlyCount "51"]
[WhiteFideId "16265890"]
[BlackFideId "16265955"]
[EventCountry "GER"]
[EventRounds "11"]
[EventType "swiss"]
[EventDate "2016.05.14"]

1. e4 e5 2. Nf3 Nc6 3. Bc4 Bc5 4. c3 Nf6 5. d4 exd4 6. e5 Ng4 7. cxd4 Bb4+ 8.
Nc3 d6 9. h3 Nh6 10. exd6 Qxd6 11. O-O O-O 12. a3 Ba5 13. b4 Bb6 14. Ne4 Qd8
15. d5 Bf5 16. Bg5 Qe8 17. Bxh6 gxh6 18. Nf6+ Kh8 19. Nxe8 Rfxe8 20. dxc6 Kg7
21. cxb7 Rab8 22. Ba6 Rbd8 23. Qa4 Re4 24. Rad1 Rde8 25. Bd3 Rf4 26. Qxe8 1-0

[Event "DEM U10w 2016"]
[Site "Willingen GER"]
[Date "2016.05.19"]
[Round "8"]
[White "Petersen, Sophie"]
[Black "Krebs, Elisabeth"]
[Result "1/2-1/2"]
[Termination "normal"]
[Board "15"]
[WhiteElo "906"]
[BlackElo "1076"]
[PlyCount "45"]
[WhiteFideId "16229380"]
[EventCountry "GER"]
[EventRounds "11"]
[EventType "swiss"]
[EventDate "2016.05.14"]

1. e4 c6 2. d4 d5 3. Nc3 Nf6 4. e5 Nfd7 5. Nf3 g6 6. Bd3 Bg7 7. O-O Nf8 8. h3
f6 9. Bf4 Ne6 10. Bg3 O-O 11. Re1 f5 12. h4 f4 13. Bh2 Qe8 14. Kf1 Bh6 15. g3
b6 16. Ne2 Qf7 17. Nxf4 Nxf4 18. gxf4 Bxf4 19. Bxf4 Qxf4 20. Re3 Bh3+ 21. Ke1
Nd7 22. Be2 c5 23. c3 1/2-1/2

[Event "DEM U10w 2016"]
[Site "Willingen GER"]
[Date "2016.05.19"]
[Round "8"]
[White "Peglau, Dora"]
[Black "Arnold, Rubina"]
[Result "0-1"]
[Termination "normal"]
[Board "16"]
[WhiteElo "1066"]
[BlackElo "755"]
[PlyCount "62"]
[WhiteFideId "16220005"]
[BlackFideId "16276272"]
[EventCountry "GER"]
[EventRounds "11"]
[EventType "swiss"]
[EventDate "2016.05.14"]

1. e4 g6 2. Nf3 Bg7 3. Nc3 d6 4. d4 Nf6 5. Bd2 e6 6. Bd3 Nc6 7. O-O Ne7 8. Re1
Nd7 9. Qc1 b6 10. Bh6 O-O 11. Bxg7 Kxg7 12. Qg5 Bb7 13. Re3 f5 14. Nd2 Rf7 15.
Rh3 Qf8 16. Re1 fxe4 17. Bxe4 Bxe4 18. Rxe4 Rxf2 19. Qh6+ Kf7 20. Qxh7+ Ke8 21.
Nf3 Rxc2 22. Nb5 Rc8 23. Rxe6 Rxb2 24. Qxg6+ Kd8 25. Nxa7 Nxg6 26. Nxc8 Nf4 27.
Nxd6 Nxh3+ 28. gxh3 Qg8+ 29. Ng5 Qxg5+ 30. Kf1 Qg2+ 31. Ke1 Qh1# 0-1

[Event "DEM U10w 2016"]
[Site "Willingen GER"]
[Date "2016.05.19"]
[Round "8"]
[White "Tolpa, Amelie"]
[Black "Scholz, Rika"]
[Result "0-1"]
[Termination "normal"]
[Board "17"]
[WhiteElo "808"]
[BlackElo "912"]
[PlyCount "76"]
[WhiteFideId "16275756"]
[BlackFideId "16240537"]
[EventCountry "GER"]
[EventRounds "11"]
[EventType "swiss"]
[EventDate "2016.05.14"]

1. e4 e5 2. Nf3 Nc6 3. Bc4 Nf6 4. d3 Bc5 5. Ng5 d5 6. exd5 Nd4 7. Nxf7 Kxf7 8.
Nc3 Rf8 9. d6+ Be6 10. Bxe6+ Nxe6 11. Qf3 c6 12. Ne4 Bxd6 13. Bg5 Kg8 14. Qh3
Qd7 15. Nxf6+ gxf6 16. Bh6 Rfd8 17. Qg4+ Ng7 18. Qc4+ Qf7 19. Qh4 Re8 20. O-O
f5 21. Rae1 Be7 22. Qg3 Bd6 23. Qh4 Bb4 24. Re3 Bd6 25. Rg3 Bf8 26. Rg5 f4 27.
Re1 e4 28. dxe4 Kh8 29. Rg4 Ne6 30. Bxf4 Nxf4 31. Rxf4 Qe7 32. Qh5 Rad8 33. Re3
Bh6 34. Rh3 Bxf4 35. g3 Bh6 36. Qxh6 Rd1+ 37. Kg2 Qxe4+ 38. f3 Qe2# 0-1